Sero safar hamara = سیر و سفر ہمارا : (Record no. 138518)
[ view plain ]
| 000 -LEADER | |
|---|---|
| fixed length control field | 00592nam a22001577a 4500 |
| 005 - DATE AND TIME OF LATEST TRANSACTION | |
| control field | 20250909102948.0 |
| 008 - FIXED-LENGTH DATA ELEMENTS--GENERAL INFORMATION | |
| fixed length control field | 250909b |||||||| |||| 00| 0 eng d |
| 020 ## - INTERNATIONAL STANDARD BOOK NUMBER | |
| International Standard Book Number | 9789694164281 |
| 040 ## - CATALOGING SOURCE | |
| Transcribing agency | PK-LaUMT |
| 082 ## - DEWEY DECIMAL CLASSIFICATION NUMBER | |
| Classification number | 297.4 |
| Item number | SOH-S |
| 100 ## - MAIN ENTRY--PERSONAL NAME | |
| Personal name | Sohail Umar, Muhammad = سہیل عمر، محمد |
| 245 ## - TITLE STATEMENT | |
| Title | Sero safar hamara = سیر و سفر ہمارا : |
| Remainder of title | tabsaray۔ tazkaray۔ guftguen = تبصر۔ تذکرے۔ گفتگوئیں / |
| Statement of responsibility, etc | by Muhammad Sohail Umar = محمد سہیل عمر |
| 260 ## - PUBLICATION, DISTRIBUTION, ETC. (IMPRINT) | |
| Place of publication, distribution, etc | Lahore : |
| Name of publisher, distributor, etc | Iqbal Academy Pakistan, |
| Date of publication, distribution, etc | 2009 |
| 300 ## - PHYSICAL DESCRIPTION | |
| Extent | 256 p. |
| 942 ## - ADDED ENTRY ELEMENTS (KOHA) | |
| Koha item type | Books |
| Withdrawn status | Lost status | Damaged status | Home library | Current library | Date acquired | Full call number | Barcode | Date last seen | Price effective from | Koha item type |
|---|---|---|---|---|---|---|---|---|---|---|
| UMT Main Campus | UMT Main Campus | 2025-09-09 | 297.4 SOH-S | 150675 | 2025-09-09 | 2025-09-09 | Books |
